[Event "5th IRT"]
[Site "Merlo ARG"]
[Date "2008.12.30"]
[Round "6"]
[White "Menon,D"]
[Black "De Picciotto,M"]
[Result "1-0"]
[WhiteElo "2186"]
[BlackElo "2070"]

1.d4 Nf6 2.Bg5 g6 3.Bxf6 exf6 4.g3 Bg7 5.Bg2 d5 6.e3 O-O 7.Ne2 c6 8.O-O Bg4
9.Nd2 Bxe2 10.Qxe2 f5 11.c4 dxc4 12.Qxc4 Nd7 13.b4 Qe7 14.Rab1 Rac8 15.Rfc1 Nf6
16.Rc2 Ne4 17.Bxe4 fxe4 18.Qc5 Qe6 19.Qxa7 Ra8 20.Qxb7 Rxa2 21.Rbc1 h5 22.Nf1 Rfa8
23.Qxc6 Qf5 24.Rxa2 Rxa2 25.Qc8+ Qxc8 26.Rxc8+ Kh7 27.Rc7 f5 28.b5 Rb2 29.Rb7 Kh6
30.d5 Be5 31.h3 Kg5 32.Rb6 h4 33.d6  1-0

[Event "Masters"]
[Site "Hastings ENG"]
[Date "2008.12.31"]
[Round "4"]
[White "Conquest,S"]
[Black "Jones,G"]
[Result "1/2-1/2"]
[WhiteElo "2526"]
[BlackElo "2548"]

1.d4 Nf6 2.Bg5 d5 3.e3 c5 4.Bxf6 gxf6 5.c3 Qb6 6.Qc2 Nc6 7.Nf3 cxd4 8.exd4 Bg4
9.Be2 Rc8 10.Nbd2 e6 11.Qb3 Bh6 12.Rd1 Rg8 13.O-O Qc7 14.Rfe1 Na5 15.Qc2 Rg7
16.Nh4 Qf4 17.Bxg4 Qxg4 18.Ndf3 Kf8 19.Kh1 Kg8 20.h3 Qf4 21.g3 Qc7 22.Nh2 f5
23.Qe2 Kh8 24.Qh5 Bg5 25.N2f3 Bf6 26.Qh6 Qd8 27.Ng2 Nc4 28.Re2 Nd6 29.Nf4 Bg5
30.Nxg5 Qxg5 31.Qxg5  1/2-1/2

[Event "Australian Open"]
[Site "Manly Sydney AUS"]
[Date "2009.01.03"]
[Round "3"]
[White "Smirnov,Vl1"]
[Black "Sheldrick,K"]
[Result "1-0"]
[WhiteElo "2372"]
[BlackElo "2161"]

1.d4 Nf6 2.Bg5 c5 3.Bxf6 gxf6 4.d5 Qb6 5.Qc1 f5 6.c3 d6 7.g3 Bh6 8.e3 e5
9.dxe6 fxe6 10.Nd2 Nc6 11.Qd1 Ne5 12.f4 Nf7 13.Qb3 Qc7 14.Ngf3 O-O 15.Bg2 Rb8
16.a4 Bd7 17.O-O b5 18.axb5 Rxb5 19.Qa3 Rfb8 20.Rfb1 Bc6 21.Bf1 R5b7 22.Bc4 d5
23.Ba6 Rb6 24.Qxc5 Rxb2 25.Nd4 Rxd2 26.Nxe6 Qd6 27.Rxb8+ Qxb8 28.Qxc6 Bg7
29.Bf1 Bf6 30.Rxa7 Nd8 31.Qe8+  1-0

[Event "14th Open"]
[Site "Bosnjaci CRO"]
[Date "2009.01.05"]
[Round "4"]
[White "Topic,Boz"]
[Black "Stocko,J"]
[Result "0-1"]
[WhiteElo "2014"]
[BlackElo "2110"]

1.d4 Nf6 2.Bg5 g6 3.e3 Bg7 4.Nf3 d6 5.c3 O-O 6.Nbd2 h6 7.Bf4 Nbd7 8.Qc2 Re8
9.Bc4 Nf8 10.Qb3 d5 11.Bd3 Nh5 12.Be5 f6 13.Bg3 Kh7 14.O-O-O c6 15.Bh4 Qb6
16.Qc2 f5 17.Bg3 Nxg3 18.hxg3 c5 19.dxc5 Qxc5 20.Qa4 Bd7 21.Qf4 e5 22.Nxe5 Rxe5
23.Rxh6+ Bxh6 24.Rh1 Re7 25.Nf3 Kg8 26.Rxh6 Rh7 27.Nh4 Ne6 28.Rxg6+ Ng7 29.Rd6 Be6
30.Qe5 Re8 31.Ng6 Rh6 32.b4 Qc7 33.Rxe6 Nxe6 34.Qxf5 Qxc3+ 35.Kd1 Rh1+ 36.Ke2 Nd4+  0-1

[Event "14th Open"]
[Site "Bosnjaci CRO"]
[Date "2009.01.08"]
[Round "8"]
[White "Topic,Boz"]
[Black "Purgar,I"]
[Result "1/2-1/2"]
[WhiteElo "2014"]
[BlackElo "2088"]

1.d4 Nf6 2.Bg5 c5 3.d5 Ne4 4.Be3 Qb6 5.Qc1 e6 6.dxe6 dxe6 7.c3 Be7 8.Nf3 Nc6
9.g3 O-O 10.Bg2 Nd6 11.O-O Nc4 12.b3 Nxe3 13.Qxe3 Qc7 14.Nbd2 b6 15.Ne5 Bb7
16.Nxc6 Bxc6 17.Bxc6 Qxc6 18.Qe4 Qc7 19.Rac1 Rad8 20.Rfd1 Rd5 21.Nf3 Rfd8
22.Rxd5 Rxd5 23.c4 Rd8 24.Kg2 Bf6  1/2-1/2

[Event "Bela Perenyi Mem"]
[Site "Budapest HUN"]
[Date "2009.01.08"]
[Round "1"]
[White "Zilahi,G"]
[Black "Szabo,Ben"]
[Result "0-1"]
[WhiteElo "1995"]
[BlackElo "2229"]

1.d4 Nf6 2.Bg5 d5 3.Nf3 c6 4.e3 Bg4 5.Be2 Nbd7 6.Nbd2 e6 7.O-O Bd6 8.e4 dxe4
9.Nxe4 Be7 10.Ng3 O-O 11.h3 Bxf3 12.Bxf3 Nd5 13.Bxe7 Qxe7 14.c3 Rad8 15.Re1 N7b6
16.Qc2 Qc7 17.Ne4 Nc4 18.a4 Nf4 19.b3 Nd6 20.Ng5 Ng6 21.Bh5 Nf5 22.Bxg6 hxg6
23.Re4 Rd5 24.Nf3 Rfd8 25.g4 Ne7 26.c4 R5d7 27.Rae1 Nc8 28.Qe2 Nd6 29.Re5 Ne8
30.Qe3 Nf6 31.Kg2 b6 32.Re2 c5 33.dxc5 Rd3 34.cxb6 axb6 35.Qc1 Rxb3 36.Nd2 Qc6+
37.f3 Rbd3 38.Qc2 Qd6 39.Nf1 Nd7 40.R5e3 Nc5 41.Rxd3 Nxd3 42.Rd2 Ne1+  0-1

[Event "Queenstown Classic"]
[Site "Queenstown NZL"]
[Date "2009.01.21"]
[Round "7"]
[White "Corke,A"]
[Black "Forster,W"]
[Result "1-0"]
[WhiteElo "2260"]
[BlackElo "1955"]

1.d4 Nf6 2.Bg5 c5 3.d5 Ne4 4.Bc1 e6 5.c4 Qa5+ 6.Nd2 exd5 7.cxd5 c4 8.Qc2 Nf6
9.Qxc4 Bc5 10.e3 b6 11.Qc2 Bb7 12.Bc4 O-O 13.Nf3 Bxd5 14.Bxd5 Nxd5 15.O-O Na6
16.Nb3 Qa4 17.Qd1 Qe4 18.Nxc5 Nxc5 19.b3 Nf6 20.Bb2 Qf5 21.Qe2 Rfe8 22.Rfd1 Nfe4
23.Rac1 d6 24.b4 Ne6 25.Nd4 Nxd4 26.Bxd4 Rac8 27.f3 Nf6 28.e4 Qe6 29.Qd2 Red8
30.a4 Ne8 31.a5 bxa5 32.bxa5 a6 33.Rb1 Rc6 34.Rb6 Rdc8 35.Qd3 Rc2 36.Rb2 Rxb2
37.Bxb2 Qc4 38.Qxc4 Rxc4 39.Ba3 Ra4 40.Bxd6 Rxa5 41.Bc7 Rc5 42.Rd8 f6 43.Rxe8+ Kf7
44.Rf8+ Ke7 45.Bf4 g5 46.Bd2  1-0

[Event "ch-PriFO"]
[Site "Kazan RUS"]
[Date "2009.01.22"]
[Round "2"]
[White "Skomorokhin,R"]
[Black "Ostanin,V"]
[Result "1-0"]
[WhiteElo "2413"]
[BlackElo "2224"]

1.d4 Nf6 2.Bg5 d5 3.Nd2 Nbd7 4.e3 e5 5.Ngf3 Bd6 6.c4 e4 7.Ng1 c6 8.Ne2 h6
9.Bh4 O-O 10.Nc3 Be7 11.Be2 Re8 12.O-O a6 13.a4 b6 14.Qb3 Bb7 15.Rfc1 Qb8
16.cxd5 cxd5 17.Bxf6 Nxf6 18.Qxb6 Bd6 19.Nf1 Bc7 20.Qb3 Ba5 21.Na2 Qa7 22.Qa3 Bb6
23.a5 Bd8 24.b4 Be7 25.Nc3 Nd7 26.Qb3 Nf6 27.b5 Rac8 28.Rcb1 Rb8 29.Qa2 Rec8
30.bxa6 Rxc3 31.Rxb7 Rxb7 32.axb7 Qxb7 33.a6 Qa7 34.Qb2 Rc7 35.Rb1 Nd7 36.Qb3 Qa8
37.Ng3 g6 38.Qb5 h5 39.Bf1 Kg7 40.Ne2 Bd6 41.Rb3 Nf6 42.Nc3 Bxh2+ 43.Kxh2 Ng4+
44.Kg1 Qd8 45.Be2 Nxf2 46.Qxd5 Rd7 47.Qe5+ f6 48.Qb8 Qa5 49.Kxf2  1-0

[Event "IMA"]
[Site "Marianske Lazne CZE"]
[Date "2009.01.22"]
[Round "7"]
[White "Baum,B"]
[Black "Jurek,J"]
[Result "0-1"]
[WhiteElo "2222"]
[BlackElo "2344"]

1.d4 Nf6 2.Bg5 c5 3.d5 Qb6 4.Nc3 Qxb2 5.Bd2 Qb6 6.e4 d6 7.f4 e6 8.Nf3 a6
9.a4 Be7 10.Bc4 exd5 11.exd5 O-O 12.O-O Qd8 13.a5 Nbd7 14.Na4 Ne4 15.Be1 f5
16.Rb1 Ndf6 17.Rb3 Bd7 18.Nb6 Rb8 19.Nxd7 Qxd7 20.Qb1 Qc7 21.h3 Nh5 22.Nh2 Bf6
23.Rff3 Kh8 24.g3 g5 25.Nf1 gxf4 26.Kh1 Rg8 27.Qd1 Rg7 28.Qd3 Rbg8 29.g4 fxg4
30.hxg4 Rxg4 31.Qxe4 Qg7 32.Ng3 fxg3  0-1

[Event "Open"]
[Site "Marianske Lazne CZE"]
[Date "2009.01.24"]
[Round "8"]
[White "Ilandzis,S"]
[Black "Pokrupa,M"]
[Result "1-0"]
[WhiteElo "2207"]
[BlackElo "2151"]

1.d4 Nf6 2.Bg5 g6 3.Bxf6 exf6 4.c4 f5 5.Nc3 Bg7 6.g3 O-O 7.Bg2 d6 8.e3 Nd7
9.Nge2 a6 10.O-O Rb8 11.Qd3 c6 12.b4 c5 13.bxc5 dxc5 14.Rfd1 Qa5 15.Nd5 b5
16.Ne7+ Kh8 17.Nc6 bxc4 18.Qc2 Qc7 19.Nxb8 Qxb8 20.Rab1 Qd6 21.Qxc4 cxd4
22.Nxd4 Qf6 23.Nc6 g5 24.f4 gxf4 25.exf4 Re8 26.Na7 Nb6 27.Qc7 Na4 28.Nxc8 Nc3
29.Qd7 Rf8 30.Rb6 Ne2+ 31.Kh1 Qc3 32.Nd6 Nxg3+ 33.hxg3 Qxg3 34.Rb3 Qxf4 35.Qxf5 Qa4
36.Be4  1-0

[Event "TCh-HUN 2008-9"]
[Site "Budapest HUN"]
[Date "2009.01.25"]
[Round "6"]
[White "Honos,A"]
[Black "Magyar,O"]
[Result "1/2-1/2"]
[WhiteElo "2298"]
[BlackElo "2296"]

1.d4 Nf6 2.Bg5 d5 3.Bxf6 gxf6 4.e3 c5 5.c3 e6 6.Bd3 Nc6 7.Nd2 Bd7 8.Ne2 cxd4
9.cxd4 Bd6 10.O-O f5 11.f4 Qf6 12.a3  1/2-1/2

[Event "TCh-HUN 2008-9"]
[Site "Decs HUN"]
[Date "2009.01.25"]
[Round "6"]
[White "Reiss,T"]
[Black "Plachetka,J"]
[Result "1/2-1/2"]
[WhiteElo "2403"]
[BlackElo "2406"]

1.d4 Nf6 2.Bg5 d5 3.Bxf6 exf6 4.e3 c6 5.Nd2 f5 6.g3 Be6 7.Bg2 Bd6 8.Ne2 Nd7
9.b3 Nf6 10.O-O O-O 11.c4 h5 12.h4 Ne4 13.c5 Bc7 14.Nf4 g6 15.Qc2 Qe8 16.Rfe1 f6
17.Nf1 g5 18.Ne2 Qg6 19.f3 Nxg3 20.Nfxg3 gxh4 21.Nf4 Bxf4 22.exf4 Qxg3 23.Rxe6 h3
24.Re2 Qxf4 25.Bxh3 Qxd4+ 26.Kh2 Qxa1 27.Qxf5 Rf7 28.Qg6+ Kf8 29.Qh6+ Rg7
30.Qh8+ Rg8 31.Qh6+ Rg7 32.Rg2 f5 33.Qh8+ Kf7 34.Rxg7+ Qxg7 35.Qxa8 Qe5+
36.Kg2 Qe2+ 37.Kg1 Qe3+ 38.Kh1 Qe1+ 39.Kh2 Qe5+ 40.Kg1 Qe3+  1/2-1/2

[Event "Arcapita Open"]
[Site "Manama BHN"]
[Date "2009.01.26"]
[Round "3"]
[White "Iotov,V"]
[Black "Ezat,M"]
[Result "1-0"]
[WhiteElo "2556"]
[BlackElo "2421"]

1.d4 Nf6 2.Bg5 c5 3.Bxf6 gxf6 4.d5 Qb6 5.Qc1 h5 6.c4 Bh6 7.e3 f5 8.Nc3 d6
9.Bd3 Nd7 10.f4 Nf6 11.Nf3 Bd7 12.O-O e6 13.a4 O-O-O 14.a5 Qc7 15.a6 b6 16.Qc2 Rdg8
17.Rae1 Kb8 18.Re2 Qc8 19.Qd1 e5 20.fxe5 Ng4 21.e4 dxe5 22.exf5 Ne3 23.Qe1 Nxf1
24.Qxf1 f6 25.Ne4 Qd8 26.Nh4 Rg4 27.Ng6 Rg8 28.h3 Bxf5 29.Nxe5 fxe5 30.Qxf5 Rf4
31.Qxe5+ Qc7 32.d6 Qg7 33.Nxc5 Qxe5 34.Nd7+ Kc8 35.Nxe5 Rd8 36.g3 Rf6 37.d7+ Kc7
38.Be4 Bg7 39.Bd5 Bf8 40.Kg2  1-0

[Event "7th Gibtelecom Masters"]
[Site "Caleta ENG"]
[Date "2009.01.27"]
[Round "1"]
[White "Forsaa,E"]
[Black "Ganguly,S"]
[Result "0-1"]
[WhiteElo "2322"]
[BlackElo "2614"]

1.d4 Nf6 2.Bg5 d5 3.Bxf6 exf6 4.e3 c6 5.c4 dxc4 6.Bxc4 Bd6 7.Nc3 O-O 8.Qf3 Qb6
9.Rb1 Qa5 10.Ne2 Nd7 11.O-O f5 12.a3 Qd8 13.Ng3 g6 14.e4 Nb6 15.Qd3 f4 16.Nge2 f3
17.Ng3 fxg2 18.Rfe1 Nxc4 19.Qxc4 Qh4 20.e5 Be6 21.Qd3 Be7 22.Re4 Qh3 23.d5 Bf5
24.d6 Bxe4 25.Ncxe4 Bh4 26.Re1 Rae8 27.Nc5 b6 28.d7 Rd8 29.e6 bxc5 30.e7 Bxe7
31.Rxe7 Rb8 32.Qc3 Qh4 33.Qe5 Qd4 34.Qxd4 cxd4 35.b4 Rfd8  0-1

[Event "XXXIV Open"]
[Site "Seville ESP"]
[Date "2009.01.30"]
[Round "8"]
[White "Torres Ventosa,P"]
[Black "Barria,D"]
[Result "0-1"]
[WhiteElo "2134"]
[BlackElo "2419"]

1.d4 Nf6 2.Bg5 c5 3.Bxf6 gxf6 4.e3 d5 5.c3 e6 6.g3 Qb6 7.Qd2 Nd7 8.Bg2 f5
9.Ne2 Nf6 10.Nf4 Bd7 11.O-O Rc8 12.Rd1 Bd6 13.dxc5 Bxc5 14.Nd3 Bd6 15.Nf4 Ke7
16.Qc2 h5 17.h4 Rhg8 18.Qb3 Qc5 19.Nd3 Qa5 20.Qc2 Qb6 21.a4 Bxg3 22.a5 Qd6
23.fxg3 Rxg3 24.Ne1 Ng4 25.Qb3 Rxe3 26.Qa3 Rc5 27.Nd2 Qh2+ 28.Kf1 Bb5+  0-1

[Event "7th Gibtelecom Masters"]
[Site "Caleta ENG"]
[Date "2009.02.01"]
[Round "6"]
[White "Walton,A"]
[Black "Perez Ponsa,F"]
[Result "1/2-1/2"]
[WhiteElo "2189"]
[BlackElo "2390"]

1.d4 Nf6 2.Bg5 c5 3.d5 Ne4 4.Bc1 e6 5.c4 Qa5+ 6.Bd2 Nxd2 7.Qxd2 Qxd2+ 8.Nxd2 exd5
9.cxd5 Be7 10.e4 d6 11.Bd3 O-O 12.f4 Bd7 13.Ngf3 b5 14.b3 Na6 15.Rc1 f5 16.O-O Nb4
17.Bb1 fxe4 18.Nxe4 Nxd5 19.g3 Rad8 20.Rfd1 Bg4 21.Rxd5 Bxf3 22.Kf2 Bg4 23.Re1 Be6
24.Rh5 g6 25.Nxc5 Bf7 26.Rxe7 gxh5 27.Nd7 Rfe8 28.Nf6+ Kf8 29.Rxa7 Re7  1/2-1/2

[Event "14th HIT Open"]
[Site "Nova Gorica SLO"]
[Date "2009.02.04"]
[Round "6"]
[White "De Val,D"]
[Black "Arsenault,N"]
[Result "1-0"]
[WhiteElo "2237"]
[BlackElo "2229"]

1.d4 Nf6 2.Bg5 c5 3.d5 Qb6 4.Nc3 Qxb2 5.Bd2 Qb6 6.e4 e5 7.f4 d6 8.f5 a6 9.g4 h6
10.h4 c4 11.Bxc4 Qc7 12.Bd3 b5 13.Qf3 h5 14.g5 Ng4 15.Be2 b4 16.Nd1 Nd7 17.Bxb4 Qxc2
18.Nc3 Nc5 19.Ba3 Bxf5 20.Bxc5 dxc5 21.exf5 c4 22.d6 Rd8 23.Qc6+ Rd7 24.Qc8+ Rd8  1-0

[Event "Tancats de la Societat Coral C IM"]
[Site "Sabadell ESP"]
[Date "2009.02.06"]
[Round "3"]
[White "Avila Jimenez,J"]
[Black "Burgos Figueroa,C"]
[Result "0-1"]
[WhiteElo "2221"]
[BlackElo "2263"]

1.d4 Nf6 2.Bg5 c5 3.d5 Qb6 4.Nc3 Qxb2 5.Bd2 Qb6 6.e4 d6 7.f4 a6 8.e5 Nfd7
9.Nf3 Qc7 10.a4 dxe5 11.Bd3 g6 12.f5 Bg7 13.O-O Nf6 14.Ng5 c4 15.Be4 h6 16.Nh3 Nxe4
17.Nxe4 Bxf5 18.Rxf5 gxf5 19.Ng3 f4 20.Nh5 Bf6 21.Nf2 Nd7 22.Qe1 Qc5 23.Bb4 Qe3
24.Qf1 Bh4 25.Ng7+ Kf8 26.Nf5 Qxf2+ 27.Qxf2 Bxf2+ 28.Kxf2 Re8 29.Re1 f6 30.a5 Rg8
31.Nxh6 Rg5 32.h4 Rh5 33.Ng4 Rxh4 34.Kf3 Kf7  0-1

[Event "FSGM February"]
[Site "Budapest HUN"]
[Date "2009.02.13"]
[Round "7"]
[White "Duong The Anh"]
[Black "Paschall,W"]
[Result "1-0"]
[WhiteElo "2418"]
[BlackElo "2354"]

1.d4 Nf6 2.Bg5 d5 3.e3 c5 4.Bxf6 gxf6 5.Nc3 cxd4 6.Qxd4 e6 7.Bb5+ Nc6 8.Nf3 Bd7
9.Qh4 f5 10.Qh5 Qf6 11.O-O-O Rg8 12.Nd4 Rxg2 13.Qf3 Rg6 14.Qe2 Rc8 15.h4 Bc5
16.h5 Rg4 17.f3 Rg3 18.Qf2 Bd6 19.Nde2 Rg7 20.Kb1 a6 21.Bxc6 Bxc6 22.Nd4 Bd7
23.f4 Rg4 24.Rdg1 Bc5 25.Nce2 Ke7 26.Qe1 b6 27.a3 Rcg8 28.Rf1 Bd6 29.Qc3 Rc8
30.Qd3 b5 31.Qd2 Qh8 32.Nc3 Bc5 33.Rd1 Qd8 34.Rhg1 Qh8 35.Rge1 Qf6 36.Nf3 Bd6
37.Nxd5+  1-0

[Event "FSGM February"]
[Site "Budapest HUN"]
[Date "2009.02.13"]
[Round "7"]
[White "Duong The Anh"]
[Black "Paschall,W"]
[Result "1-0"]
[WhiteElo "2418"]
[BlackElo "2354"]

1.d4 Nf6 2.Bg5 d5 3.e3 c5 4.Bxf6 gxf6 5.Nc3 cxd4 6.Qxd4 e6 7.Bb5+ Nc6 8.Nf3 Bd7
9.Qh4 f5 10.Qh5 Qf6 11.O-O-O Rg8 12.Nd4 Rxg2 13.Qf3 Rg6 14.Qe2 Rc8 15.h4 Bc5
16.h5 Rg4 17.f3 Rg3 18.Qf2 Bd6 19.Nde2 Rg7 20.Kb1 a6 21.Bxc6 Bxc6 22.Nd4 Bd7
23.f4 Rg4 24.Rdg1 Bc5 25.Nce2 Ke7 26.Qe1 b6 27.a3 Rcg8 28.Rf1 Bd6 29.Qc3 Rc8
30.Qd3 b5 31.Qd2 Qh8 32.Nc3 Bc5 33.Rd1 Qd8 34.Rhg1 Qh8 35.Rge1 Qf6 36.Nf3 Bd6
37.Qxd5 exd5 38.Nxd5+ Ke6 39.Nxf6 Rg2 40.Nxh7 Ke7 41.Nd4  1-0

[Event "80th ch-GER"]
[Site "Saarbruecken GER"]
[Date "2009.02.13"]
[Round "8"]
[White "Vatter,H"]
[Black "Westphal,W"]
[Result "1/2-1/2"]
[WhiteElo "2322"]
[BlackElo "2242"]

1.d4 Nf6 2.Bg5 d5 3.Bxf6 exf6 4.e3 Bd6 5.c4 dxc4 6.Bxc4 O-O 7.Nc3 f5 8.g3 Nd7
9.Bd5 Nf6 10.Bg2 c6 11.Nge2 Re8 12.O-O Be6 13.d5 cxd5 14.Nxd5 Nxd5 15.Bxd5 Be5
16.Bxb7 Rb8 17.Bc6 Qxd1 18.Rfxd1 Rec8 19.Bd7 Rc2 20.Nd4 Bxd4 21.Rxd4 Rbxb2
22.Ba4 Rd2 23.Rxd2 Rxd2 24.Bb3 g6 25.Rc1 Bxb3  1/2-1/2

[Event "US Amateur Team-ch East"]
[Site "Parsipanny USA"]
[Date "2009.02.15"]
[Round "4"]
[White "Zimmer,Ra"]
[Black "Leverett,B"]
[Result "1/2-1/2"]
[WhiteElo "2284"]
[BlackElo "2295"]

1.d4 d5 2.Bg5 Nf6 3.e3 e6 4.Nd2 c5 5.c3 Nc6 6.f4 Qc7 7.Nh3 Nd7 8.Bd3 Nb6
9.O-O f6 10.Bh4 Qf7 11.Qe2 Bd7 12.a4 a5 13.dxc5 Bxc5 14.Nb3 Be7 15.Nd4 O-O
16.Qc2 g6 17.Rf3 Nc4 18.Rg3 Kh8 19.Rf1 Qg7 20.Nf2 e5 21.Nf5 Bxf5 22.Bxf5 Bc5
23.Nd1 exf4 24.Rxf4 Rae8 25.Bxg6 Nxe3 26.Nxe3 Rxe3 27.Kf1 Rxg3 28.Bxg3 Qxg6
29.Qd1 Bd6 30.Rg4 Qf5+ 31.Kg1 Bxg3 32.Rxg3 Qe4 33.h3 Rg8 34.Rxg8+ Kxg8 35.Qb3 Ne5
36.Qxb7 Nc4 37.Qb8+ Kg7 38.Qg3+ Kh6 39.b3 Qe3+ 40.Qf2 Qxf2+ 41.Kxf2 Nd2 42.b4 Kg5
43.Ke3 Nb3 44.bxa5 Nxa5 45.Kd4 Kf4 46.Kxd5 Kg3 47.Ke6 Kxg2 48.Kxf6 Kxh3 49.Kg5 Kg3
50.Kh6 Kf4 51.Kxh7 Ke4 52.Kg6 Kd3  1/2-1/2

[Event "2nd Pfalz Open"]
[Site "Neustadt an der Weinstrasse GER"]
[Date "2009.02.16"]
[Round "2"]
[White "Iotov,V"]
[Black "Hug,M"]
[Result "1-0"]
[WhiteElo "2556"]
[BlackElo "2257"]

1.d4 Nf6 2.Bg5 d5 3.Bxf6 exf6 4.e3 Bd6 5.g3 c6 6.Bg2 Qb6 7.Qc1 Bf5 8.Nd2 a5
9.Ne2 Qa6 10.e4 Bg4 11.f3 Be6 12.Nf1 c5 13.exd5 Bxd5 14.Ne3 Bc4 15.Nxc4 Qxc4
16.Qe3+ Qe6 17.Qxe6+ fxe6 18.O-O-O Nc6 19.f4 O-O-O 20.Bxc6 bxc6 21.Rd3 Kc7
22.Rhd1 h5 23.Rc3 Kb6 24.Re3 cxd4 25.Nxd4 Bc5 26.Rb3+ Ka6 27.Nxe6 Rxd1+ 28.Kxd1 Bg1
29.Nxg7 Bxh2 30.Nf5 h4 31.gxh4 Bxf4 32.Rf3 Be5 33.c3 Kb5 34.Kc2 a4 35.Kd3 Kc5
36.Rh3 Rb8 37.h5 Bf4 38.h6 Bxh6 39.Rxh6 Rxb2 40.Nd4 Rxa2 41.Rxf6 Ra1 42.Rxc6+ Kd5
43.c4+ Ke5 44.Re6+ Kf4 45.Re4+ Kg5 46.Nc2 Rb1 47.Re5+  1-0

[Event "2nd Pfalz Open"]
[Site "Neustadt an der Weinstrasse GER"]
[Date "2009.02.16"]
[Round "3"]
[White "Richter,Mic"]
[Black "Mamedov,Nid"]
[Result "1/2-1/2"]
[WhiteElo "2421"]
[BlackElo "2607"]

1.d4 Nf6 2.Bg5 d5 3.e3 g6 4.Bxf6 exf6 5.c4 dxc4 6.Bxc4 Bd6 7.Nc3 O-O 8.Nf3 Nd7
9.O-O f5 10.Qc2 c6 11.Rfd1 Nf6 12.a4 Qe7 13.a5 Bd7 14.h3 Rad8 15.Qb3 Bc8
16.d5 c5 17.Nb5 Bb8 18.d6 Qe8 19.Ng5 Rd7 20.Qc3 Qd8 21.Ne6 fxe6 22.Bxe6+ Rdf7
23.Bxf7+ Rxf7 24.Qxc5 Ne4 25.Qe5 Bd7 26.Rac1 Qxa5 27.Rc7 Qxb5 28.Rc8+ Bxc8
29.Qxb5 Nf6 30.Rc1 Be6 31.d7 Nxd7 32.Rc8+ Rf8 33.Rxf8+ Kxf8 34.Qxb7 Ke7 35.b4 Bd6
36.Qxa7 Bxb4 37.Qd4 Bd6 38.Qg7+ Bf7 39.Qxh7 Be5 40.Qh4+ Kf8 41.Qd8+ Be8 42.g4 Bf6
43.Qa8 fxg4 44.hxg4 Ne5 45.g5 Be7 46.f4 Nc6 47.e4 Nd4 48.Kf2 Ne6 49.Kf3 Bd6
50.Qd5 Ke7 51.Qb7+ Bd7 52.e5 Bc5 53.Qb8 Nd4+ 54.Kg2 Ne6 55.Qh8 Bc6+ 56.Kg3 Be4
57.Qh7+ Ke8 58.Qh8+ Kd7 59.Qh7+ Be7 60.Qh2 Bc5 61.Qh7+ Kc6 62.Qg8 Bf5 63.Qc8+ Kd5
64.Qa8+ Kc4 65.Qa2+ Kc3 66.Qa1+ Kd2 67.Qa2+ Ke3 68.Qb3+ Ke4 69.Qc2+ Kd5 70.Qa2+ Kc6
71.Qa8+ Kd7 72.Qb7+ Ke8 73.Qc8+ Kf7 74.Qd7+ Kg8 75.Qc8+ Bf8 76.Qb7 Ng7 77.Qc6 Be6
78.Kf3 Kf7 79.Qb7+ Be7 80.Qa8 Nf5 81.Qh8 Bd5+ 82.Kg4 Bb3 83.Qb8 Nd4 84.Kg3 Nf5+
85.Kg4 Be6 86.Kf3 Nd4+ 87.Kg3 Bf5 88.Qh8 Ne6 89.Qa8 Bc5 90.Qb7+ Ke8 91.Qc6+ Kd8
92.Qa8+ Kc7 93.Qa5+ Bb6 94.Qc3+ Nc5 95.Qc4 Kc6 96.Qf7 Kb5 97.Qa2 Ba5 98.Qb2+ Bb4
99.Qe2+ Bd3 100.Qb2 Bc4 101.Qd4 Bc3 102.Qd8 Be6 103.Qe8+  1/2-1/2

[Event "Winter Open"]
[Site "Stillwater USA"]
[Date "2009.02.16"]
[Round "7"]
[White "Latino,C"]
[Black "Temple,J"]
[Result "0-1"]
[WhiteElo "2039"]
[BlackElo "1923"]

1.d4 Nf6 2.Bg5 d5 3.e3 Bf5 4.Nf3 Nbd7 5.Nc3 e6 6.Ne5 Be7 7.Bb5 c6 8.Bd3 Qb6
9.Rb1 Bb4 10.Nxd7 Nxd7 11.Bxf5 exf5 12.O-O f6 13.Bf4 O-O 14.Na4 Qa5 15.c3 Be7
16.b4 Qa6 17.Qc2 g6 18.Nc5 Nxc5 19.bxc5 b6 20.cxb6 axb6 21.Rb2 b5 22.Ra1 Ba3
23.Rb3 Qa4 24.h4 Kg7 25.Qd2 Rfe8 26.f3 Qa7 27.g4 fxg4 28.fxg4 Qd7 29.Qg2 Bd6
30.Bxd6 Qxd6 31.Qf2 Re4 32.a4 Rxg4+ 33.Kh1 Qe6 34.a5 Qe4+  0-1

[Event "73rd ch-BUL"]
[Site "Blagoevgrad BUL"]
[Date "2009.02.18"]
[Round "8"]
[White "Rusev,K"]
[Black "Kukov,V"]
[Result "1-0"]
[WhiteElo "2546"]
[BlackElo "2373"]

1.d4 Nf6 2.Bg5 d5 3.Bxf6 exf6 4.e3 Bd6 5.g3 c6 6.Bg2 Qb6 7.b3 O-O 8.Ne2 Bf5
9.O-O a5 10.c4 dxc4 11.bxc4 Qa6 12.c5 Be7 13.Nbc3 Rd8 14.Na4 Nd7 15.Rc1 Bg4
16.f3 Be6 17.Nf4 Bc4 18.Rf2 Bb5 19.Bh3 b6 20.cxb6 Nxb6 21.Nc5 Bxc5 22.Rxc5 Na4
23.Rc1 c5 24.d5 c4 25.Rd2 Qa7 26.Rd4 Re8 27.Qd2 c3 28.Qf2 Rab8 29.Bf5 Qe7
30.d6 Qxe3 31.Qxe3 Rxe3 32.Nd5 Re5 33.f4 Re2 34.Bc2 Rd2 35.Rxd2 cxd2 36.Rd1 Nb2
37.Rxd2 Nc4 38.Rd4 Nxd6 39.Nc7 Ne8 40.Nxb5 Rxb5 41.Rd8 Kf8 42.Rxe8+  1-0

[Event "ch-EST"]
[Site "Rakvere EST"]
[Date "2009.02.22"]
[Round "3"]
[White "Kanep,M"]
[Black "Holvason,J"]
[Result "1-0"]
[WhiteElo "2513"]
[BlackElo "2108"]

1.d4 Nf6 2.Bg5 d5 3.Bxf6 exf6 4.e3 Bd6 5.Bd3 c6 6.Nd2 f5 7.Ne2 g6 8.c4 dxc4
9.Bxc4 Nd7 10.g3 Nf6 11.Qc2 O-O 12.Nf4 Kg7 13.h4 h5 14.O-O-O Bd7 15.Kb1 a5
16.Be2 b5 17.Bf3 Re8 18.Nb3 Rc8 19.Nc5 Qe7 20.Rc1 Ne4 21.Nfd3 Be6 22.Nxe6+ Qxe6
23.Bxe4 fxe4 24.Nc5 Bxc5 25.Qxc5 Red8 26.Qb6 a4 27.Rc2 Rd6 28.Rhc1 Qd7 29.Qa5 Qf5
30.Rd2 Rd5 31.Rdc2 Rd6 32.Qa6 Qd7 33.Rc5 Rc7 34.Qa5 Rf6 35.Qc3 Rb7 36.d5 cxd5
37.Qd4 Qe6 38.Rc6 Qf5 39.a3 Re7 40.R6c5 Qxf2 41.Rxd5 Qxg3 42.Rc8 Rc7 43.Rxc7 Qxc7
44.Rxb5 Qc6 45.Qxa4 Rf1+ 46.Ka2 Qe6+ 47.Qb3 Qf6 48.Qc4 Rh1 49.a4 Rxh4 50.a5 Rg4
51.Rb6 Qe5 52.Rb5 Qf6 53.Rb6 Qe5 54.Rb5 Qf6 55.Rb4 h4 56.a6 h3 57.a7 h2 58.a8=Q h1=Q
59.Qcc8 Qe6+ 60.Qxe6 fxe6 61.Rb7+ Kf6 62.Qf8+ Kg5 63.Rb5+  1-0

[Event "ch-VIE KO"]
[Site "Ha Noi VIE"]
[Date "2009.02.26"]
[Round "2.2"]
[White "Bui Vinh"]
[Black "Dao Thien Hai"]
[Result "1-0"]
[WhiteElo "2509"]
[BlackElo "2543"]

1.d4 Nf6 2.Bg5 d5 3.e3 c5 4.Bxf6 gxf6 5.Nc3 e6 6.Qh5 Nc6 7.O-O-O Qa5 8.Nge2 Bd7
9.Kb1 b5 10.Nf4 b4 11.Ncxd5 exd5 12.Nxd5 Bg7 13.Bc4 O-O 14.Bd3 h6 15.Nxf6+  1-0

[Event "TCh-AUT 2nd Bundesliga Ost 2008-9"]
[Site "Austria AUT"]
[Date "2009.03.01"]
[Round "9"]
[White "Vass,F"]
[Black "Vokroj,R"]
[Result "1-0"]
[WhiteElo "2402"]
[BlackElo "2339"]

1.d4 Nf6 2.Bg5 c5 3.dxc5 Qa5+ 4.Nd2 Qxc5 5.Ngf3 Ng4 6.e3 f6 7.Bh4 d5 8.h3 Nh6
9.g4 Nc6 10.c3 Nf7 11.e4 dxe4 12.Nxe4 Qb6 13.Qe2 Bd7 14.O-O-O O-O-O 15.Qc4 Nd6
16.Nxd6+ exd6 17.Bg2 Kb8 18.Qf7 Be8 19.Qd5 Rd7 20.Nd4 Nxd4 21.Rxd4 Rc7 22.Re1 Bf7
23.Qe4 Bg6 24.Qe3 Be7 25.Bg3 Rhc8 26.Be4 Qa5 27.Bxg6 hxg6 28.Kb1 Rd7 29.Qd3 Qb6
30.Rxe7 Rxe7 31.Rxd6  1-0

[Event "25th Open"]
[Site "Cappelle la Grande FRA"]
[Date "2009.03.01"]
[Round "2"]
[White "Salgado Lopez,I"]
[Black "Salvador,R"]
[Result "1-0"]
[WhiteElo "2554"]
[BlackElo "2476"]

1.d4 Nf6 2.Bg5 d5 3.Bxf6 exf6 4.e3 Be6 5.Ne2 Bd6 6.g3 c6 7.Nd2 a5 8.Bg2 O-O
9.O-O Re8 10.e4 a4 11.Re1 Qa5 12.exd5 cxd5 13.a3 Nc6 14.c3 Qb5 15.c4 Qa5
16.Nc3 Ne7 17.cxd5 Nxd5 18.Bxd5 Bxd5 19.Rxe8+ Rxe8 20.Qxa4 Qxa4 21.Nxa4 b5
22.Nc3 Bc6 23.d5 Bd7 24.Nde4 Bf8 25.b4 Rc8 26.d6 f5 27.Nc5 Bc6 28.Rd1 Rd8
29.d7 Bxc5 30.bxc5 Rxd7 31.Rxd7 Bxd7 32.f4 f6 33.Kf2 Kf7 34.Ke3 Ke6 35.Kd4 Bc6
36.Na2 Bd5 37.Nc3 Bc6 38.Nd1 Bf3 39.Ne3 Bc6 40.Kc3 g6 41.Kb4 g5 42.Ka5 h5
43.Kb6 Be8 44.h4  1-0

[Event "25th Open"]
[Site "Cappelle la Grande FRA"]
[Date "2009.03.01"]
[Round "2"]
[White "Danielian,O"]
[Black "Mamedov,Nid"]
[Result "1/2-1/2"]
[WhiteElo "2519"]
[BlackElo "2607"]

1.d4 Nf6 2.Bg5 d5 3.e3 g6 4.Bxf6 exf6 5.Nd2 Bd6 6.g3 O-O 7.Bg2 c6 8.Ne2 Nd7
9.O-O f5 10.c4 dxc4 11.Nxc4 Bc7 12.Nc3 Nf6 13.d5 cxd5 14.Nxd5 Be6 15.Nxc7 Qxc7
16.Qd4 Kg7 17.b3 Rfd8 18.Qb2 Bd5  1/2-1/2

[Event "Bundesliga 2008-9"]
[Site "Hamburg GER"]
[Date "2009.03.01"]
[Round "13"]
[White "Schneider,Il"]
[Black "Popovic,Pe"]
[Result "0-1"]
[WhiteElo "2486"]
[BlackElo "2489"]

1.d4 Nf6 2.Bg5 c5 3.Bxf6 gxf6 4.d5 Qb6 5.Qc1 f5 6.c3 d6 7.g3 Nd7 8.Bg2 Nf6
9.Nd2 Bh6 10.Qc2 Bd7 11.Nh3 Qa6 12.e3 O-O 13.Nf4 e5 14.dxe6 fxe6 15.Qb3 Rab8
16.a4 d5 17.c4 d4 18.exd4 cxd4 19.Nf3 Qa5+ 20.Kf1 Ne4 21.Qd1 e5 22.Nd5 Rbe8
23.h4 Qd8 24.Qb3 Bc6 25.Re1 Nd2+ 26.Nxd2 Bxd2 27.Rd1 Bh6 28.Bf3 Re6 29.c5 Kh8
30.Nb4 Bxf3 31.Qxf3 e4 32.Qb3 Re5 33.c6 e3 34.Re1 bxc6 35.Nxc6 Qa8 36.Qc4 Bg7
37.Nxe5 Qxh1+ 38.Ke2 Qb7 39.Nd3 Qg2 40.Rf1 exf2 41.Rxf2 Qxg3 42.Kd1 Qxh4
43.Kc2 Qe4 44.Rf4 Qe2+ 45.Kb1 Qe7 46.Rf1 Qd6 47.Nf4 d3 48.Nxd3 Rd8 49.Nc5 Qb6
50.Qc2 Rd5 51.Nb3 h6 52.Ka2 Qb4 53.Qc6 Ra5 54.Rf4 Qxf4 55.Nxa5 Qe4 56.Qc8+ Kh7
57.Nc4 f4 58.Qc5 f3 59.Kb3 Qd3+ 60.Kb4 Qc2 61.b3 f2 62.Ne3 Qe4+ 63.Ka5 Qxe3
64.Qxe3 f1=Q 65.Qxa7 Qf5+ 66.Kb4 h5 67.a5 Qe4+ 68.Ka3 h4 69.a6 Qc6 70.Kb4 Qd6+
71.Kb5 Qd5+ 72.Qc5 Qxb3+ 73.Kc6 Qf3+ 74.Kc7 Qf7+ 75.Kb8 Qe8+ 76.Kb7 Qd7+
77.Kb8 Qd8+ 78.Kb7 Qd7+ 79.Kb8 Qe8+ 80.Kb7 Qe4+ 81.Kc8 Qa8+  0-1